Memoria de la Escuela Central de Artes y Oficios leída en la solemne inauguración del curso 1894-1895 / (Record no. 24523)

MARC details
000 -LEADER
campo de control de longitud fija 00708nam a2200193 i 4500
001 - NÚMERO DE CONTROL
campo de control 24523
003 - IDENTIFICADOR DE NÚMERO DE CONTROL
campo de control ES-MaACL
005 - FECHA Y HORA DE LA ÚLTIMA TRANSACCIÓN
campo de control 20250925162453.0
007 - CAMPO FIJO DE DESCRIPCIÓN FÍSICA--INFORMACIÓN GENERAL
campo de control de longitud fija t|
008 - DATOS DE LONGITUD FIJA--INFORMACIÓN GENERAL
campo de control de longitud fija 021217s1894 sp ||||1| spa d
100 1# - ENTRADA PRINCIPAL--NOMBRE DE PERSONA
Nombre de persona Aparicio, Esteban
Títulos y otros términos asociados al nombre (pintor),
Fechas asociadas al nombre fl. 1863
9 (RLIN) 22081
245 10 - MENCIÓN DEL TÍTULO
Título Memoria de la Escuela Central de Artes y Oficios leída en la solemne inauguración del curso 1894-1895 /
Mención de responsabilidad, etc. Esteban Aparicio y Alvarez.
260 ## - PUBLICACIÓN, DISTRIBUCIÓN, ETC.
Lugar de publicación, distribución, etc. Madrid :
Nombre del editor, distribuidor, etc. [s.n.],
Fecha de publicación, distribución, etc. 1894 (
Fabricante M. Romero)
300 ## - DESCRIPCIÓN FÍSICA
Extensión 28, [4] p. ;
Dimensiones 25 cm.
610 24 - PUNTO DE ACCESO ADICIONAL DE MATERIA--NOMBRE DE ENTIDAD CORPORATIVA
Nombre de entidad corporativa o nombre de jurisdicción como elemento de entrada Escuela Central de Artes y Oficios-
Subdivisión de forma Memorias y balances.
9 (RLIN) 152908
710 1# - ENTRADA AGREGADA--NOMBRE DE ENTIDAD CORPORATIVA
Nombre de entidad corporativa o nombre de jurisdicción como elemento de entrada Escuela Central de Artes y Oficios.
9 (RLIN) 3517
852 ## - LOCALIZACIÓN
Ubicación ES-MaACL
Número de control de estantería T-870-F-9
Holdings
Estatus retirado Estado de pérdida Estado de daño No para préstamo Colección Biblioteca de origen Biblioteca actual Ubicación en estantería Fecha de adquisición Fuente de adquisición Total de préstamos Signatura topográfica completa Código de barras Visto por última vez Precio de reemplazo Tipo de ítem Koha
        Colección de folletos Biblioteca del Ateneo de Madrid Biblioteca del Ateneo de Madrid Depósito folletos 17/01/2008     T-870-F-9 1025283 23/02/2023 23/02/2023 Folleto